| 000 | 00640 a2200205 4500 | ||
|---|---|---|---|
| 020 | _a0201183994 | ||
| 020 | _a9780201183993 | ||
| 082 | _a005.133 | ||
| 090 |
_c1114 _d1114 |
||
| 100 | 1 | _aKelley, Al. | |
| 245 | 1 | 2 |
_aA book on C : _bprogramming in c / _cAl Kelley, Ira Pohl. |
| 250 | _a4th ed. | ||
| 260 |
_a[S.l.] : _bAddison-Wesley Professional, _c1998. |
||
| 300 |
_a726 p. ; _c24 cm. |
||
| 490 | 1 | _a4th edition. | |
| 700 | 1 | _aPohl, Ira. | |
| 830 | 0 | _a4th edition. | |
| 942 |
_aSNS _cBK _k005.133 KEL |
||
| 999 |
_c29729 _d29729 |
||